La dinastía de los conquistadores : la crisis del poder en la Costa Rica contemporánea
Wedi'i Gadw mewn:
| Prif Awdur: | |
|---|---|
| Awduron Eraill: | |
| Fformat: | Llyfr |
| Iaith: | Spanish |
| Cyhoeddwyd: |
San José, Costa Rica
Editorial Universitaria Contemporánea
1976
|
| Rhifyn: | 2. edición |
| Cyfres: | Colección seis
|
| Pynciau: | |
| Tagiau: |
Ychwanegu Tag
Dim Tagiau, Byddwch y cyntaf i dagio'r cofnod hwn!
|
MARC
| LEADER | 00000nam a2200000 b 4500 | ||
|---|---|---|---|
| 001 | bimo0001872925 | ||
| 005 | 20141001015448.0 | ||
| 008 | 030811s1976 cr aaaa ||0 0|spa | ||
| 020 | |a 8483600412 | ||
| 040 | |a SpMaBN |b spa |c SpMaBN |d CIICLA | ||
| 082 | |a 309.172.86 |b S879d2 | ||
| 100 | 1 | |a Stone, Samuel Z. | |
| 245 | 1 | 3 | |a La dinastía de los conquistadores |h [Texto impreso] |b : la crisis del poder en la Costa Rica contemporánea |c Samuel Stone ; prólogo de François Bourricaud |
| 250 | |a 2. edición | ||
| 260 | |a San José, Costa Rica |b Editorial Universitaria Contemporánea |c 1976 | ||
| 300 | |a 623 páginas : |c ilustraciones | ||
| 490 | 0 | |a Colección seis | |
| 650 | 7 | |a ELITISMO |x HISTORIA |z COSTA RICA |2 embne | |
| 651 | 7 | |a COSTA RICA |x SITUACION SOCIAL |2 embne | |
| 700 | 1 | |a Bourricaud, François |j prólogo | |
| 942 | |2 ddc |c BK | ||
| 956 | |a 1 | ||
| 999 | |c 3537 |d 3537 | ||



